[Event "Julian Mazur Memorial"]
[Site "Wellington Chess Club"]
[Date "2022.09.15"]
[Round "8.15"]
[White "Jackson, Ross"]
[Black "Asher, Bruce"]
[Result "1-0"]
[WhiteElo "1905"]
[BlackElo "1060"]

1. d4 d5 2. c4 Nf6 3. cxd5 Qxd5 4. Nc3 Qd7 5. Nf3 e6 6. e4 c5 7. Bb5 Nc6 8. d5
exd5 9. exd5 Qg4 10. Qe2+ Be6 11. dxe6 fxe6 12. O-O O-O-O 13. Bxc6 bxc6 14.
Qa6+ Kb8 15. Ne5 Qh4 16. Nxc6+ Kc7 17. Nb5+ Kd7 18. Rd1+ Nd5 19. Nxd8 Qxd8 20.
Qxa7+ Ke8 21. Be3 Bd6 22. Nxd6+ Qxd6 23. Bxc5 Qe5 24. Re1 Qf6 25. Rad1 g6 26.
Rxd5 Qf7 27. Qb8# 1-0

[Event "Julian Mazur Memorial"]
[Site "Wellington Chess Club"]
[Date "2022.09.15"]
[Round "8.16"]
[White "Cameron, Will"]
[Black "Scott, Callum"]
[Result "0-1"]
[WhiteElo "1424"]
[BlackElo "1653"]

1. e4 e5 2. Nf3 Nc6 3. Bb5 a6 4. Ba4 Nf6 5. O-O Bc5 6. Bxc6 dxc6 7. Nxe5 O-O 8.
d3 Qd6 9. Bf4 Bd4 10. Ng6 Qc5 11. c3 hxg6 12. cxd4 Qxd4 13. Nc3 Rd8 14. Qe2 Bg4
15. Qc2 Qxd3 16. Qxd3 Rxd3 17. Bxc7 b5 18. f3 Rc8 19. Ba5 Be6 20. Rad1 Rd7 21.
Rxd7 Nxd7 22. Rd1 Ne5 23. b3 Kf8 24. Bb4+ c5 25. Ba5 Ke7 26. Nd5+ Bxd5 27. Rxd5
Ke6 28. Bc3 Nd7 29. Bxg7 f6 30. Rxd7 Kxd7 31. Bxf6 c4 32. bxc4 bxc4 33. Bc3 Ke6
34. Kf2 Rd8 35. Ke2 Rd3 36. Bb4 a5 37. Bxa5 Ra3 38. Bd2 Rxa2 39. Ke3 g5 40. h3
Ra3+ 41. Kd4 Rd3+ 42. Kxc4 Rxd2 43. g3 Ke5 44. h4 gxh4 45. gxh4 Rh2 0-1

[Event "Julian Mazur Memorial"]
[Site "Wellington Chess Club"]
[Date "2022.09.15"]
[Round "8.17"]
[White "Hampshire, Thomas"]
[Black "Hooper, John"]
[Result "0-1"]
[WhiteElo "1500"]
[BlackElo "1251"]

1. e4 e6 2. d4 d5 3. Nd2 Nf6 4. e5 Nfd7 5. Ngf3 c5 6. c3 b6 7. Bd3 Ba6 8. Bxa6
Nxa6 9. O-O Be7 10. Qe2 Nab8 11. Re1 O-O 12. Nf1 Nc6 13. Ng3 Qc7 14. h4 Nd8 15.
h5 h6 16. Qd3 Rc8 17. Bd2 cxd4 18. cxd4 Qc2 19. Qb5 Qc6 20. Qe2 f6 21. Rac1 Qb7
22. Nh4 f5 23. Ng6 Re8 24. Nxf5 exf5 25. Qf3 Nf8 26. Qxf5 Nxg6 27. Qxc8 Qxc8
28. Rxc8 Nh4 29. Rec1 Nf5 30. R1c7 a5 31. Bc3 Kf7 32. b4 Ne6 33. Rxe8 Nxc7 34.
Rc8 Nb5 35. bxa5 bxa5 36. Bxa5 Nfxd4 37. a4 Na7 38. Rc7 Nac6 39. Bc3 Ne2+ 40.
Kf1 Nxc3 41. Rxc6 Nxa4 42. Ke2 Nc5 43. f4 Ne6 44. g3 Nd4+ 0-1

[Event "Julian Mazur Memorial"]
[Site "Wellington Chess Club"]
[Date "2022.09.15"]
[Round "8.18"]
[White "Lavender, Ariel"]
[Black "Hupert, Leo"]
[Result "1-0"]
[WhiteElo "1486"]
[BlackElo "1387"]

1. d4 d5 2. Nf3 Nf6 3. c4 e6 4. g3 c5 5. Bg2 Ne4 6. Nbd2 Nxd2 7. Bxd2 cxd4 8.
Nxd4 Bc5 9. Bc3 e5 10. Nb3 d4 11. Nxc5 dxc3 12. Qxd8+ Kxd8 13. Nxb7+ Kc7 14.
Na5 Kb6 15. Bxa8 Kxa5 16. bxc3 Kb6 17. Rb1+ Kc7 18. Bd5 Bh3 19. Rb7+ Kd6 20.
Rxf7 g5 21. f3 Nd7 22. Kf2 Be6 23. Bxe6 Kxe6 24. Rg7 h6 25. Rd1 Nf6 26. c5 Rf8
27. Rd6+ Kf5 28. h3 Ne8 29. e4# 1-0

[Event "Julian Mazur Memorial"]
[Site "Wellington Chess Club"]
[Date "2022.09.15"]
[Round "8.19"]
[White "McConnell, Jack"]
[Black "Mills, Dan"]
[Result "1-0"]
[WhiteElo "1411"]
[BlackElo "927"]

1. d4 Nf6 2. Nc3 g6 3. e4 d6 4. Bg5 Bg7 5. Qd2 Nc6 6. O-O-O a6 7. Bh6 O-O 8.
Bxg7 Kxg7 9. f3 e6 10. h4 b5 11. h5 b4 12. Nce2 Rb8 13. hxg6 Rh8 14. Qh6+ Kg8
15. g7 e5 16. gxh8=Q+ Kxh8 17. dxe5 Nxe5 18. Ng3 Ng6 19. Nh5 Qf8 20. Nxf6 Qxh6+
21. Rxh6 Nf8 22. Rd5 Kg7 23. Rdh5 Rb5 24. Bxb5 axb5 25. Nxh7 Ne6 26. Nh3 c5 27.
f4 c4 28. f5 Nd4 29. f6+ Kg8 30. Rg5+ Kh8 31. Nf8# 1-0

[Event "Summer Cup"]
[Site "Wellington Chess Club"]
[Date "2023.02.10"]
[Round "1.1"]
[White "Croad, Nicolas"]
[Black "Carlyle, Mathieson"]
[Result "1-0"]
[WhiteElo "2442"]
[BlackElo "1620"]

1. e4 e6 2. d3 d5 3. Nd2 Bd6 4. Ngf3 c5 5. g3 Nc6 6. Bg2 Nge7 7. O-O O-O 8. Re1
e5 9. exd5 Nxd5 10. Nc4 Nb6 11. Nfxe5 Nxe5 12. Nxe5 Qf6 13. Ng4 Qg6 14. Ne3 a5
15. Bd2 a4 16. a3 Bb8 17. Bc3 Ra7 18. Be4 Qh6 19. Qf3 Nd7 20. Nf5 Qg5 21. h4
Qd8 22. Qg4 Be5 23. Bxe5 g6 24. Nh6# 1-0

[Event "Summer Cup"]
[Site "Wellington Chess Club"]
[Date "2023.02.10"]
[Round "1.2"]
[White "Cooke, Xandi"]
[Black "Ker, Anthony"]
[Result "0-1"]
[WhiteElo "1612"]
[BlackElo "2425"]

1. d4 Nf6 2. c4 e6 3. Nc3 Bb4 4. Qc2 Nc6 5. Nf3 d6 6. Bg5 h6 7. Bh4 g5 8. Bg3
g4 9. Nd2 Nxd4 10. Qd3 e5 11. e4 Nd7 12. Nb3 Nxb3 13. axb3 Nc5 14. Qc2 f5 15.
exf5 O-O 16. Bd3 e4 17. Be2 Bxf5 18. Qd1 Qf6 19. Rc1 Nd3+ 20. Bxd3 exd3 21. O-O
Bxc3 22. bxc3 Rae8 23. Re1 Qg5 24. Ra1 d2 25. Re2 Rxe2 26. Qxe2 Bc2 27. f4 gxf3
28. gxf3 d1=R+ 29. Rxd1 Bxd1 0-1

[Event "Summer Cup"]
[Site "Wellington Chess Club"]
[Date "2023.02.10"]
[Round "1.3"]
[White "Dive, Russell"]
[Black "Jones, Christopher"]
[Result "1-0"]
[WhiteElo "2350"]
[BlackElo "1596"]

1. Nf3 Nc6 2. d4 d5 3. c4 e6 4. Nc3 Nf6 5. Bg5 Be7 6. e3 a5 7. Rc1 dxc4 8. Bxc4
Nb4 9. O-O h6 10. Bh4 g5 11. Bg3 Nfd5 12. e4 Nf4 13. Bxf4 gxf4 14. Ne5 Bh4 15.
Qh5 Qf6 16. a3 Nc6 17. Bb5 Bd7 18. Nxd7 Kxd7 19. d5 Rag8 20. dxc6+ bxc6 21.
Bxc6+ Kc8 22. Qxa5 Rxg2+ 23. Kh1 Rxh2+ 24. Kxh2 Bg3+ 25. fxg3 fxg3+ 26. Kg2 1-0

[Event "Summer Cup"]
[Site "Wellington Chess Club"]
[Date "2023.02.10"]
[Round "1.4"]
[White "Darr, Samuel"]
[Black "Winter, Ryan"]
[Result "0-1"]
[WhiteElo "1569"]
[BlackElo "2209"]

1. e4 c5 2. Nf3 e6 3. d4 cxd4 4. Nxd4 Nc6 5. Nc3 Qc7 6. Bb5 Nf6 7. Be3 a6 8.
Bd3 b5 9. Qf3 Bb7 10. O-O Be7 11. Rad1 O-O 12. Qh3 Nxd4 13. Bxd4 e5 14. Be3 b4
15. Nd5 Nxd5 16. exd5 g6 17. Qf3 f5 18. Qe2 Bd6 19. Bh6 Rf7 20. h3 a5 21. Bc4
Qd8 22. Rfe1 Qh4 23. Be3 Qd8 24. Bh6 Qc8 25. Bd2 Ba6 26. Bd3 Bxd3 27. Qxd3 Qc7
28. c4 e4 29. Qe2 Bc5 30. b3 Re8 31. Be3 Bd6 32. g3 f4 33. gxf4 Bxf4 34. Qg4
Ref8 35. Rf1 Rf5 36. h4 Qe5 37. Bd4 Qe7 38. Be3 Qf7 39. Qh3 Be5 40. Qg4 Bf4 41.
Qh3 Qf6 42. Bd4 Qd8 43. Qg4 Rh5 44. Rde1 Rxh4 45. Qg2 Rf5 0-1

[Event "Summer Cup"]
[Site "Wellington Chess Club"]
[Date "2023.02.10"]
[Round "1.5"]
[White "Langford, Josh"]
[Black "Farrington, Lawrence"]
[Result "1-0"]
[WhiteElo "2163"]
[BlackElo "1569"]

1. e4 e6 2. d4 d5 3. e5 c5 4. c3 Nc6 5. Nf3 Qc7 6. Be2 Nge7 7. O-O Nf5 8. Na3
cxd4 9. Nb5 Qb8 10. cxd4 a6 11. Nc3 Bb4 12. a3 Ba5 13. Na4 Qa7 14. b4 Bc7 15.
Bb2 O-O 16. Rc1 Bb6 17. Nc5 Bxc5 18. Rxc5 Nfe7 19. Bd3 h6 20. Bb1 Bd7 21. Qd3
g6 22. Bc1 Kg7 23. h4 h5 24. Bg5 Ng8 25. Nh2 Nce7 26. Re1 Rac8 27. g4 Rxc5 28.
bxc5 hxg4 29. Nxg4 Nf5 30. Kg2 Bb5 31. Qd2 Qb8 32. Bxf5 gxf5 33. Bf6+ Kh7 34.
Qg5 Nxf6 35. Nxf6+ 1-0

[Event "Summer Cup"]
[Site "Wellington Chess Club"]
[Date "2023.02.10"]
[Round "1.6"]
[White "Shepherd, Blake"]
[Black "Archer, Ollie"]
[Result "0-1"]
[WhiteElo "1566"]
[BlackElo "2151"]

1. d4 Nf6 2. c4 c5 3. d5 e6 4. dxe6 fxe6 5. Bg5 d5 6. e4 dxe4 7. Qxd8+ Kxd8 8.
Nc3 Ke8 9. O-O-O Nbd7 10. Re1 Be7 11. Bxf6 gxf6 12. Nxe4 Kf7 13. Be2 Rd8 14.
Bh5+ Kg7 15. Nf3 Nf8 16. Rd1 Bd7 17. Rd2 Bc6 18. Ng3 Ng6 19. Rhd1 Nf4 20. Bg4
f5 21. Bh3 Nxh3 22. gxh3 Bxf3 23. Rg1 Kf7 0-1

[Event "Summer Cup"]
[Site "Wellington Chess Club"]
[Date "2023.02.10"]
[Round "1.7"]
[White "Sole, Michael"]
[Black "Howe, Alexander"]
[Result "1-0"]
[WhiteElo "2142"]
[BlackElo "1556"]

1. e4 e6 2. d4 d5 3. e5 c5 4. c3 Nc6 5. Nf3 Qb6 6. Bd3 cxd4 7. O-O Bd7 8. Re1
Nge7 9. h4 h6 10. h5 g5 11. hxg6 Nxg6 12. a4 a6 13. Na3 dxc3 14. bxc3 Qc7 15.
c4 Ngxe5 16. cxd5 Nxf3+ 17. Qxf3 Bg7 18. Bf4 Qd8 19. dxc6 Bxc6 20. Qg3 Bxa1 21.
Rxa1 Qd7 22. Nc4 Rd8 23. Bd6 f5 24. Be2 Qh7 25. Bh5+ Kd7 26. Nb6# 1-0

[Event "Summer Cup"]
[Site "Wellington Chess Club"]
[Date "2023.02.10"]
[Round "1.8"]
[White "Meravanage, Satwik"]
[Black "Timergazi, Layla"]
[Result "0-1"]
[WhiteElo "1546"]
[BlackElo "2136"]

1. e4 c6 2. d4 d5 3. Nc3 dxe4 4. Nxe4 Bf5 5. Ng3 Bg6 6. h4 h6 7. h5 Bh7 8. Nf3
Nd7 9. Bf4 e6 10. Bd3 Bxd3 11. Qxd3 Qa5+ 12. c3 Ngf6 13. Ne5 Nxe5 14. dxe5 Nd5
15. Bd2 O-O-O 16. Qf3 Qc7 17. O-O Qxe5 18. Qxf7 Bc5 19. Rfe1 Qxg3 20. Qxe6+ Kb8
21. Qe5+ Qxe5 22. Rxe5 Rhf8 23. Be3 Nxe3 24. Rxc5 Nd1 25. f3 Rfe8 26. Kf1 Nxb2
27. Rb1 Rd1+ 0-1

[Event "Summer Cup"]
[Site "Wellington Chess Club"]
[Date "2023.02.10"]
[Round "1.9"]
[White "Cilia Vincenti, David"]
[Black "Hampshire, Thomas"]
[Result "1-0"]
[WhiteElo "2136"]
[BlackElo "1522"]

1. d4 Nf6 2. c4 e6 3. Nc3 d5 4. Bg5 Be7 5. e3 c6 6. Bd3 O-O 7. Qc2 h6 8. Bh4
Nbd7 9. Nf3 b5 10. O-O Ne8 11. Bg3 Nd6 12. e4 b4 13. e5 Ne8 14. Na4 Bb7 15.
cxd5 exd5 16. Nc5 Nxc5 17. dxc5 Nc7 18. Nd4 Re8 19. f4 Ne6 20. Nb3 a5 21. f5
Nc7 22. f6 Bf8 23. Bh7+ Kh8 24. fxg7+ Bxg7 25. Rxf7 Bxe5 26. Bg6 Bxg3 27. Rh7+
Kg8 28. Bf7+ Kf8 29. hxg3 Re7 30. Qg6 1-0

[Event "Summer Cup"]
[Site "Wellington Chess Club"]
[Date "2023.02.10"]
[Round "1.10"]
[White "Keith, Matthew"]
[Black "Sellen, Ian"]
[Result "1-0"]
[WhiteElo "1500"]
[BlackElo "2072"]

1. Nf3 d5 2. c4 e6 3. g3 Nf6 4. Bg2 Be7 5. O-O O-O 6. d4 c6 7. Qc2 b6 8. Bf4
Bd6 9. Bxd6 Qxd6 10. Nbd2 Ba6 11. b3 Nbd7 12. Rfd1 Rac8 13. e4 dxe4 14. Nxe4
Qe7 15. Ne5 Bb7 16. Nxd7 Nxd7 17. c5 bxc5 18. dxc5 Nf6 19. Nd6 Rcd8 20. Rd2 Nd5
21. Bxd5 exd5 22. Re2 Qf6 23. Rae1 Rd7 24. Re8 g6 25. Rxf8+ Kxf8 26. Qe2 Rxd6
27. Qe8+ Kg7 28. cxd6 1-0

[Event "Summer Cup"]
[Site "Wellington Chess Club"]
[Date "2023.02.10"]
[Round "1.11"]
[White "Van der Hoorn, Thomas"]
[Black "Krause, Dawid"]
[Result "1-0"]
[WhiteElo "2068"]
[BlackElo "1500"]

1. e4 e6 2. d4 d5 3. Nc3 c5 4. exd5 exd5 5. dxc5 Bxc5 6. Qxd5 Qb6 7. Ne4 Qa5+
8. Qd2 Qc7 9. Nxc5 Qxc5 10. Qe3+ Qe7 11. Bb5+ Bd7 12. Bxd7+ Nxd7 13. Nf3 b6 14.
O-O Qxe3 15. Bxe3 Ngf6 16. Rad1 O-O 17. Rd6 Rac8 18. c3 Rfe8 19. Rfd1 Nf8 20.
h3 Re7 21. Rd8 Rc6 22. Ra8 Rce6 23. Rdd8 Ne8 24. Nd4 Re4 25. Nf5 R7e6 26. f3
R4e5 27. Nd4 Rxe3 28. Nxe6 Rxe6 29. Rxe8 Rxe8 30. Rxe8 1-0

[Event "Summer Cup"]
[Site "Wellington Chess Club"]
[Date "2023.02.10"]
[Round "1.12"]
[White "Schwalger, Harry"]
[Black "Forster, Bill"]
[Result "0-1"]
[WhiteElo "1500"]
[BlackElo "2053"]

1. e4 c5 2. Nc3 a6 3. a4 e6 4. Nf3 d5 5. d4 cxd4 6. Nxd4 Nf6 7. e5 Nfd7 8. Nf3
Bc5 9. Bf4 Qb6 10. Qd2 Bxf2+ 11. Qxf2 Qxb2 12. Rd1 Qxc3+ 13. Qd2 Qxd2+ 14. Rxd2
Nc5 15. c4 dxc4 16. Bxc4 Nxa4 17. O-O O-O 18. Rd6 b5 19. Bd3 Ra7 20. Bc2 Nc3
21. Bd2 Rc7 22. Rd3 Ne4 23. Bb1 Nxd2 24. Rxd2 Bb7 25. Nd4 Rd8 26. Rfd1 Rcd7 27.
Nb3 Rxd2 0-1

[Event "Summer Cup"]
[Site "Wellington Chess Club"]
[Date "2023.02.10"]
[Round "1.13"]
[White "Young, Cohen"]
[Black "Broad, Cory"]
[Result "1-0"]
[WhiteElo "1994"]
[BlackElo "1477"]

1. e4 c5 2. Nf3 Nc6 3. d4 cxd4 4. Nxd4 Nf6 5. Nc3 a6 6. Nxc6 bxc6 7. e5 Ng8 8.
Bc4 d6 9. Qf3 d5 10. Nxd5 Be6 11. Nf4 Qa5+ 12. c3 Qxe5+ 13. Be3 Bd7 14. Ng6
fxg6 15. Qf7+ Kd8 16. Qxf8+ Be8 17. O-O-O+ Kc7 18. Bf4 Qxf4+ 19. Qxf4+ Kb7 20.
Rhe1 Rc8 21. Bxg8 Rxg8 22. Rxe7+ Kb6 23. Qb4# 1-0

[Event "Summer Cup"]
[Site "Wellington Chess Club"]
[Date "2023.02.10"]
[Round "1.14"]
[White "Osborne, Geoff"]
[Black "Tanoi, Edward"]
[Result "0-1"]
[WhiteElo "1468"]
[BlackElo "1993"]

1. c4 Nf6 2. Nc3 e5 3. Nf3 Nc6 4. e3 d6 5. Nd5 Be7 6. Be2 Be6 7. Nxf6+ Bxf6 8.
e4 O-O 9. b3 a5 10. Bb2 Ne7 11. d4 exd4 12. Bxd4 Bxd4 13. Nxd4 Ng6 14. Bg4 Qf6
15. g3 Bxg4 16. f3 Bh3 17. Rc1 c5 18. f4 cxd4 19. Rc2 Rfe8 20. Qf3 Ne5 21. Qh5
Nd3+ 22. Kd2 Nxf4 0-1

[Event "Summer Cup"]
[Site "Wellington Chess Club"]
[Date "2023.02.10"]
[Round "1.15"]
[White "Perrin, Brent"]
[Black "Mavaram, Eashan"]
[Result "1-0"]
[WhiteElo "1960"]
[BlackElo "1441"]

1. e4 e5 2. Nf3 Nc6 3. Bb5 Nf6 4. O-O Bc5 5. d3 d6 6. h3 h6 7. c3 O-O 8. Re1 a6
9. Ba4 b5 10. Bc2 Bb7 11. Nbd2 Re8 12. Nf1 d5 13. exd5 Nxd5 14. Ng3 b4 15. d4
exd4 16. Rxe8+ Qxe8 17. cxd4 Bd6 18. Qd3 Nf6 19. Nf5 Rd8 20. Nxd6 Rxd6 21. Bf4
Rd7 22. Re1 Qd8 23. Ba4 Nd5 24. Bg3 Nb6 25. Bc2 g6 26. Bh4 Qf8 27. Bb3 Qg7 28.
Bg3 Nxd4 29. Nxd4 Rxd4 30. Qc2 Rd7 31. Be5 Re7 32. Bxg7 Rxe1+ 33. Kh2 Kxg7 34.
Qxc7 Ba8 35. Qxf7+ 1-0

[Event "Summer Cup"]
[Site "Wellington Chess Club"]
[Date "2023.02.10"]
[Round "1.16"]
[White "Sethuramalingam, Karthik"]
[Black "Winsley, Nicholas"]
[Result "0-1"]
[WhiteElo "1415"]
[BlackElo "1942"]

1. d4 Nf6 2. Bf4 d5 3. e3 c5 4. c3 Nc6 5. Nd2 a6 6. Ngf3 cxd4 7. exd4 Bf5 8.
Ne5 Nxe5 9. dxe5 Nd7 10. g4 Bg6 11. h4 h6 12. h5 Bh7 13. Nf3 e6 14. g5 hxg5 15.
Nxg5 Bf5 16. Bd3 Be7 17. Rg1 Bxd3 18. Qxd3 Nxe5 19. Bxe5 Bxg5 20. Bxg7 Rxh5 21.
Bd4 Qe7 22. f4 Bxf4 23. Qf3 Rf5 24. Rg8+ Kd7 25. Rxa8 Bd2+ 26. Ke2 Rxf3 27.
Kxf3 Qh4 28. Ke2 Qh2+ 29. Kd3 Bg5 30. Rd1 e5 31. Bg1 Qxb2 32. Rf8 Kd6 33. Be3
e4+ 34. Kd4 Bf6# 0-1

[Event "Summer Cup"]
[Site "Wellington Chess Club"]
[Date "2023.02.10"]
[Round "1.17"]
[White "Benitez, Edgar"]
[Black "Hupert, Leo"]
[Result "1-0"]
[WhiteElo "1930"]
[BlackElo "1326"]

1. d4 d5 2. Bf4 Nc6 3. Nf3 Bf5 4. e3 h6 5. c4 a6 6. Nc3 Nf6 7. Be2 e6 8. O-O
Ne4 9. Rc1 Ng5 10. Qb3 Rb8 11. cxd5 Bd6 12. Bxd6 Qxd6 13. dxc6 b5 14. Ne5 O-O
15. Nd7 e5 16. Nxf8 Rxf8 17. Qd5 Qg6 18. Qxe5 Kh8 19. h4 Ne6 20. Bf3 Bd3 21.
Rfd1 f6 22. Qxe6 1-0

[Event "Summer Cup"]
[Site "Wellington Chess Club"]
[Date "2023.02.10"]
[Round "1.18"]
[White "He, Jacob"]
[Black "Hall, Nathan"]
[Result "0-1"]
[WhiteElo "1300"]
[BlackElo "1922"]

1. e4 c5 2. Nf3 e6 3. d3 Nc6 4. Nc3 a6 5. g3 b5 6. Bh3 Bb7 7. Bg5 Be7 8. Bxe7
Ngxe7 9. Qd2 d5 10. O-O-O d4 11. Ne2 h6 12. b3 a5 13. c3 a4 14. bxa4 Rxa4 15.
cxd4 cxd4 16. Kc2 Rxa2+ 17. Kc1 Qa8 18. Qf4 Qa3+ 19. Kb1 Qb2# 0-1

[Event "Summer Cup"]
[Site "Wellington Chess Club"]
[Date "2023.02.10"]
[Round "1.19"]
[White "Jackson, Ross"]
[Black "Hooper, John"]
[Result "1-0"]
[WhiteElo "1885"]
[BlackElo "1244"]

1. d4 Nf6 2. c4 g6 3. Nc3 Bg7 4. e4 d6 5. f4 O-O 6. Nf3 Bg4 7. Be2 Bxf3 8. Bxf3
e5 9. fxe5 dxe5 10. d5 Nbd7 11. Be3 a6 12. O-O Rb8 13. b4 Nb6 14. Qb3 Nc8 15.
a4 b6 16. Qa2 Nd7 17. c5 bxc5 18. bxc5 f5 19. Rab1 fxe4 20. Nxe4 Rxb1 21. Rxb1
Kh8 22. Ng5 Nxc5 23. Bxc5 Qxg5 24. Bxf8 Bxf8 25. Qf2 Nb6 26. Be4 Qd8 27. Rf1
Nd7 28. Rc1 Bc5 29. Rxc5 Nxc5 30. Qxc5 Kg7 31. Bd3 Qh4 32. Qxc7+ Kh6 33. Qxe5
Qxa4 34. d6 Qd1+ 35. Bf1 a5 36. Qe3+ Kg7 37. Qe7+ Kh6 38. d7 Qd4+ 39. Kh1 Qd1
40. Qf8+ 1-0

[Event "Summer Cup"]
[Site "Wellington Chess Club"]
[Date "2023.02.10"]
[Round "1.20"]
[White "Nazeer, Afique"]
[Black "Thirkell, Zachary"]
[Result "1-0"]
[WhiteElo "1200"]
[BlackElo "1885"]

1. d4 Nf6 2. c4 e6 3. Nc3 Bb4 4. Nf3 d5 5. a3 Be7 6. Bg5 O-O 7. e3 c6 8. Be2 h6
9. Bh4 Re8 10. h3 Nbd7 11. Ne5 Nxe5 12. dxe5 Nd7 13. Bxe7 Qxe7 14. Qd4 c5 15.
Qf4 dxc4 16. Bxc4 a6 17. Ne4 b5 18. Be2 f6 19. exf6 Nxf6 20. Nxf6+ Qxf6 21.
Qxf6 gxf6 22. a4 Bb7 23. axb5 axb5 24. O-O c4 25. b3 cxb3 26. Bxb5 Rxa1 27.
Rxa1 Be4 28. Bxe8 b2 29. Re1 Kf8 30. Ba4 Ke7 31. Rd1 b1=Q 32. Rxb1 Bxb1 33. f3
Kd6 34. Bb3 e5 35. Kf2 Kc5 36. g4 Bg6 37. e4 Kd4 38. h4 Kd3 39. Be6 Be8 40. h5
Kd2 41. Bd5 Kd3 42. f4 Kd4 43. g5 fxg5 44. fxg5 hxg5 45. h6 Bg6 46. Kg3 Kc5 47.
Kg4 Kd6 48. Kxg5 1-0

[Event "Summer Cup"]
[Site "Wellington Chess Club"]
[Date "2023.02.10"]
[Round "1.21"]
[White "Katkodia, Ali"]
[Black "Asher, Bruce"]
[Result "1-0"]
[WhiteElo "1843"]
[BlackElo "1064"]

1. e4 c5 2. Nf3 Nc6 3. d4 cxd4 4. Nxd4 Nxd4 5. Qxd4 e6 6. Bc4 b6 7. Nc3 Bc5 8.
Qxg7 Qf6 9. Qg3 Qd4 10. Be2 Bb7 11. Be3 Qb4 12. Qg7 Qxb2 13. O-O Ke7 14. Bxc5+
bxc5 15. Rab1 Qxc2 16. Rxb7 Nf6 17. e5 Qf5 18. exf6+ Kd6 19. Qg3+ e5 20. Rd1+
Kc6 21. Bf3+ e4 22. Bxe4+ Qxe4 23. Qc7# 1-0

[Event "Summer Cup"]
[Site "Wellington Chess Club"]
[Date "2023.02.10"]
[Round "1.22"]
[White "Dutt, Rishay"]
[Black "Keay, Matt"]
[Result "0-1"]
[WhiteElo "1000"]
[BlackElo "1757"]

1. d4 d5 2. Nf3 Nf6 3. e4 dxe4 4. Ng5 h6 5. Nh3 e6 6. f3 c5 7. fxe4 Nxe4 8. Bd3
Qxd4 9. Qe2 Nf6 10. Nf2 Be7 11. O-O O-O 12. Be3 Qxb2 13. Nd2 Qe5 14. Nfe4 Nxe4
15. Nxe4 b6 16. Rf4 Qxa1+ 17. Rf1 Qe5 18. c3 Bb7 19. Bf4 Qd5 20. Bc4 Qxe4 21.
Rf2 Qxe2 22. Rxe2 Nc6 23. Bb5 a6 24. Bd3 Rfd8 25. Rd2 b5 26. a4 c4 27. Be4 Rxd2
28. Bxd2 Bc5+ 29. Kf1 Rd8 30. Ke2 Na5 31. Bc2 Nb3 32. Bf4 e5 33. Bxe5 Re8 0-1

[Event "Summer Cup"]
[Site "Wellington Chess Club"]
[Date "2023.02.10"]
[Round "1.23"]
[White "Henrys, Francis"]
[Black "Fairbrother, Rebecca"]
[Result "1-0"]
[WhiteElo "1728"]
[BlackElo "1000"]

1. e4 c6 2. d4 d5 3. Nc3 g6 4. Nf3 e6 5. Bd3 Bg7 6. O-O Ne7 7. Bf4 b6 8. Qd2
O-O 9. Be5 Nd7 10. Bxg7 Kxg7 11. Ng5 Bb7 12. e5 c5 13. Qe3 c4 14. Be2 Nf5 15.
Qh3 Qxg5 16. Rad1 a6 17. b3 b5 18. g4 cxb3 19. Bd3 Rac8 20. Nxd5 Bxd5 21. f4
Qh4 22. Qxh4 Nxh4 23. Rc1 bxa2 24. f5 Nf3+ 25. Kf2 Nxd4 26. Kg1 Nf3+ 27. Kf2
Ndxe5 28. Ke2 Nd4+ 29. Ke3 Nxd3 30. Kxd3 Nxf5 31. gxf5 Bc4+ 32. Ke4 exf5+ 33.
Kf4 Bxf1 34. h4 Bd3 35. c3 Rfe8 36. Kg5 Re4 37. h5 h6# 1-0

[Event "Summer Cup"]
[Site "Wellington Chess Club"]
[Date "2023.02.10"]
[Round "1.24"]
[White "Hill, Ethan"]
[Black "Dixon, Hamish"]
[Result "1-0"]
[WhiteElo "1000"]
[BlackElo "1720"]

1. d4 Nf6 2. Bf4 g6 3. Nc3 Bg7 4. e4 d6 5. Qd2 O-O 6. h3 e5 7. Bh6 Bxh6 8. Qxh6
exd4 9. Nce2 Nxe4 10. Nf3 c5 11. h4 Qa5+ 12. Nd2 Nxd2 13. Qxd2 Qxd2+ 14. Kxd2
Bf5 15. f3 h5 16. Nf4 Nc6 17. Rg1 Nb4 18. g4 hxg4 19. fxg4 Bxc2 20. a3 Nd5 21.
Nxd5 Be4 22. Nf6+ Kg7 23. Nxe4 Rfd8 24. h5 b5 25. hxg6 fxg6 26. Bg2 d5 27. Nxc5
b4 28. Ne6+ 1-0

[Event "Summer Cup"]
[Site "Wellington Chess Club"]
[Date "2023.02.10"]
[Round "1.25"]
[White "Marney, John"]
[Black "Hill, Matthew"]
[Result "1-0"]
[WhiteElo "1689"]
[BlackElo "1000"]

1. e4 e5 2. Nf3 Nc6 3. Bc4 f6 4. c3 a6 5. d4 Na5 6. Bd3 Bd6 7. dxe5 fxe5 8.
Nxe5 Nf6 9. Nf3 Qe7 10. O-O h6 11. e5 Bxe5 12. Nxe5 d6 13. Ng6 Qd7 14. Nxh8 Nc6
15. Re1+ Kd8 16. Nd2 b5 17. Ne4 Nxe4 18. Bxe4 Ne5 19. Bxa8 c6 20. Rxe5 dxe5 21.
Qxd7+ Kxd7 22. Ng6 Kd6 23. Be3 Bf5 24. Rd1+ Ke6 25. Nh4 g5 26. Nxf5 Kxf5 27.
Bxc6 h5 28. Rd7 h4 29. Ra7 g4 30. Bd7+ Ke4 31. Bxg4 b4 32. cxb4 1-0

[Event "Summer Cup"]
[Site "Wellington Chess Club"]
[Date "2023.02.10"]
[Round "1.26"]
[White "Saglam, Azra"]
[Black "Webster, Jamie"]
[Result "0-1"]
[WhiteElo "1000"]
[BlackElo "1686"]

1. e4 e5 2. Nc3 Nf6 3. f4 d5 4. fxe5 Nxe4 5. Nxe4 dxe4 6. d3 Nc6 7. Bf4 Bc5 8.
Qd2 Bxg1 9. Rxg1 Qd4 10. Be3 Qxb2 11. Qc1 Qc3+ 12. Bd2 Qxe5 13. Bf4 Qe7 14. Qe3
O-O 15. Qxe4 Re8 16. Qxe7 Rxe7+ 17. Kd2 Nd4 18. c3 Ne6 19. Be3 c5 20. Be2 b6
21. Rab1 Bd7 22. Bf3 Rae8 23. Rge1 g6 24. g4 Ng7 25. h3 f5 26. Bg5 Rxe1 27.
Rxe1 Rxe1 28. Kxe1 fxg4 29. Bxg4 Bxg4 30. hxg4 Ne6 31. Be3 h5 32. gxh5 gxh5 33.
Kf2 Kf7 34. Kf3 Kf6 35. Kg3 Ng7 36. Bf4 Nf5+ 37. Kh3 a6 38. a4 b5 39. axb5 axb5
40. Bd2 Ke5 41. Kg2 c4 42. d4+ Nxd4 0-1

[Event "Summer Cup"]
[Site "Wellington Chess Club"]
[Date "2023.02.10"]
[Round "1.27"]
[White "Hunt, Liam"]
[Black "Saglam, Yigit"]
[Result "0-1"]
[WhiteElo "1673"]
[BlackElo "1000"]

1. f4 d5 2. Nf3 g6 3. e3 Bg7 4. d4 Nf6 5. Nbd2 Bf5 6. c4 c6 7. Be2 O-O 8. O-O
Nbd7 9. Qe1 Ne4 10. Nxe4 Bxe4 11. Qh4 e6 12. Qh3 Bf5 13. g4 Be4 14. b3 c5 15.
Ng5 h6 16. Nxe4 dxe4 17. a4 cxd4 18. Ba3 d3 19. Bxd3 exd3 20. Rad1 Re8 21. Rxd3
Qc7 22. Bd6 Qc6 23. f5 exf5 24. gxf5 Qe4 25. Rfd1 Ne5 26. Bxe5 Rxe5 27. fxg6
Rg5+ 28. Kf2 Qf5+ 29. Qxf5 Rxf5+ 30. Ke2 fxg6 31. Rd7 Rf7 32. R7d6 Kh7 33. h4
Raf8 34. Kd3 Be5 35. Rd5 Bf6 36. Rh1 Rd8 37. Rxd8 Bxd8 38. h5 g5 39. Ke4 Bb6
40. Rd1 Re7+ 41. Kf5 Bxe3 42. Kf6 Bc5 43. Rd5 b6 44. a5 Rg7 45. Rd2 g4 46. Rg2
g3 47. Ke5 Rd7 48. axb6 axb6 49. Ke6 Rd3 50. Rb2 Rf3 51. Ke5 Rf2 0-1

[Event "Summer Cup"]
[Site "Wellington Chess Club"]
[Date "2023.02.10"]
[Round "1.28"]
[White "Smith, Jonathan"]
[Black "Brockway, Andrew"]
[Result "0-1"]
[WhiteElo "1000"]
[BlackElo "1662"]

1. e4 c5 2. Nf3 g6 3. Nc3 Nc6 4. d4 cxd4 5. Nxd4 Bg7 6. Be3 Nf6 7. Qd2 O-O 8.
O-O-O Ng4 9. Nde2 d6 10. Ng3 Qa5 11. Kb1 Be6 12. a3 Bxc3 13. Qxc3 Qxc3 14. bxc3
Nxe3 15. fxe3 Rfc8 16. Bd3 Ne5 17. Kb2 Rc7 18. h4 h5 19. Rhf1 Rac8 20. Ne2 Nc4+
21. Bxc4 Bxc4 22. Rf2 Bxe2 23. Rxe2 Rxc3 24. Rd4 R3c4 25. Kb3 b5 26. g3 a6 0-1